<?xml version="1.0" encoding="UTF-8"?>
<record
    xmlns:xsi="http://www.w3.org/2001/XMLSchema-instance"
    xsi:schemaLocation="http://www.loc.gov/MARC21/slim http://www.loc.gov/standards/marcxml/schema/MARC21slim.xsd"
    xmlns="http://www.loc.gov/MARC21/slim">

  <leader>04306nam a22002897a 4500</leader>
  <controlfield tag="003">DO-CoUTE</controlfield>
  <controlfield tag="005">20260514134229.0</controlfield>
  <controlfield tag="008">260514b        dr ||||| |||| 00| 0 spa d</controlfield>
  <datafield tag="040" ind1=" " ind2=" ">
    <subfield code="a">DO-CoUTE</subfield>
    <subfield code="b">spa</subfield>
    <subfield code="c">DO-CoUTE</subfield>
  </datafield>
  <datafield tag="041" ind1=" " ind2=" ">
    <subfield code="a">spa</subfield>
  </datafield>
  <datafield tag="092" ind1=" " ind2=" ">
    <subfield code="a">ING 2026 P35 </subfield>
  </datafield>
  <datafield tag="100" ind1="1" ind2=" ">
    <subfield code="a">Pe&#xF1;a Delgado, Darlin Manuel </subfield>
    <subfield code="e">Sustentante </subfield>
  </datafield>
  <datafield tag="245" ind1="1" ind2="0">
    <subfield code="a">Propuesta de Dise&#xF1;o de Laboratorios para la Carrera de Ingenier&#xED;a Civil para la Universidad Tecnol&#xF3;gica del Cibao Oriental (UTECO) / </subfield>
    <subfield code="c">Darlin Manuel Pe&#xF1;a Delgado, Ezequiel Alm&#xE1;nzar Hern&#xE1;ndez, Franchesca Reinoso Valerio, Paola Jazm&#xED;n Amaro Rosario, Zaeef Alexander Ot&#xE1;&#xF1;ez Almonte ; Asesor, Luis N&#xFA;&#xF1;ez Hern&#xE1;ndez</subfield>
  </datafield>
  <datafield tag="260" ind1=" " ind2=" ">
    <subfield code="a">Cotu&#xED;, Rep&#xFA;blica Dominicana ; </subfield>
    <subfield code="b">UTECO,</subfield>
    <subfield code="c">2026</subfield>
  </datafield>
  <datafield tag="300" ind1=" " ind2=" ">
    <subfield code="a">84 Hojas : </subfield>
    <subfield code="b">Im&#xE1;genes ; </subfield>
    <subfield code="c">23cm, </subfield>
    <subfield code="e">+ 1 CD-ROM </subfield>
  </datafield>
  <datafield tag="502" ind1=" " ind2=" ">
    <subfield code="a">Trabajo de Grado (Ingeniero Civil) Universidad Tecnol&#xF3;gica del Cibao Oriental, 2026.</subfield>
  </datafield>
  <datafield tag="504" ind1=" " ind2=" ">
    <subfield code="a">Incluye referencia bibliogr&#xE1;fica e &#xED;ndice.

</subfield>
  </datafield>
  <datafield tag="520" ind1=" " ind2=" ">
    <subfield code="a">Actualmente, la Universidad Tecnol&#xF3;gica del Cibao Oriental (UTECO), enfrenta el
desaf&#xED;o de no contar con laboratorios adecuados para la Carrera de Ingenier&#xED;a Civil que
permitan a los estudiantes desarrollar actividades pr&#xE1;cticas vinculadas a los conocimientos
te&#xF3;ricos adquiridos. La formaci&#xF3;n pr&#xE1;ctica es clave para impulsar las competencias t&#xE9;cnicas
y profesionales, por lo que resulta prioritario disponer de espacios equipados con las
herramientas y tecnolog&#xED;as necesarias para realizar ensayos, pr&#xE1;cticas y proyectos
aplicados. La ausencia de laboratorios especializados limita significativamente el
aprendizaje y la capacidad de los futuros ingenieros civiles para desenvolverse de manera
eficiente en el &#xE1;mbito laboral. Por lo tanto, se hace de car&#xE1;cter prioritario la elaboraci&#xF3;n de
una propuesta de dise&#xF1;o que contemple la creaci&#xF3;n de laboratorios funcionales, seguros y
adaptados a las necesidades acad&#xE9;micas y t&#xE9;cnicas de la carrera.
El proyecto tiene su foco principal en la Propuesta de Dise&#xF1;o de Laboratorios para
la Carrera de Ingenier&#xED;a Civil de la Universidad Tecnol&#xF3;gica del Cibao Oriental (UTECO).
La metodolog&#xED;a utilizada se trata de un enfoque anal&#xED;tico y descriptivo, con un dise&#xF1;o no
experimental. El estudio nace de la necesidad de una propuesta estructural y funcional que
permita la creaci&#xF3;n de espacios especializados, donde los estudiantes puedan realizar 

pr&#xE1;cticas seguras y eficientes que complementen su formaci&#xF3;n te&#xF3;rica. La propuesta
plantea un dise&#xF1;o arquitect&#xF3;nico que responde a las necesidades acad&#xE9;micas y t&#xE9;cnicas de
la carrera, favoreciendo directamente a la potenciaci&#xF3;n del aprendizaje pr&#xE1;ctico y a la
mejora de la calidad educativa. Asimismo, se determin&#xF3; que el dise&#xF1;o propuesto debe
priorizar la distribuci&#xF3;n eficiente de los espacios equipados con tecnolog&#xED;a actualizada, la
ergonom&#xED;a y el cumplimiento de los est&#xE1;ndares de seguridad y calidad.
Los resultados obtenidos evidenciaron que m&#xE1;s del 90% de los encuestados
considera fundamental que la universidad disponga de laboratorios adecuados para la
ense&#xF1;anza pr&#xE1;ctica. En consecuencia, la investigaci&#xF3;n propone el desarrollo de una
infraestructura civil apropiada, moderna y funcional que contribuir&#xE1; significativamente,
tanto al desarrollo acad&#xE9;mico de los estudiantes como al fortalecimiento institucional de la
UTECO.
Finalmente, este proyecto no solo busca responder a una necesidad acad&#xE9;mica, sino
tambi&#xE9;n aportar significativamente al desarrollo institucional y regional, impulsando la
formaci&#xF3;n de ingenieros civiles con mayores capacidades pr&#xE1;cticas y t&#xE9;cnicas. La
materializaci&#xF3;n de esta propuesta contribuir&#xE1; al reafianzamiento de la investigaci&#xF3;n
aplicada, la colaboraci&#xF3;n con el sector productivo y la consolidaci&#xF3;n de la UTECO como
referente en educaci&#xF3;n superior en el &#xE1;rea de la ingenier&#xED;a.</subfield>
  </datafield>
  <datafield tag="650" ind1=" " ind2="4">
    <subfield code="a">Dise&#xF1;o de laboratorio </subfield>
  </datafield>
  <datafield tag="700" ind1="1" ind2=" ">
    <subfield code="a">Darlin Manuel Pe&#xF1;a Delgado </subfield>
    <subfield code="e">Sustentante </subfield>
  </datafield>
  <datafield tag="700" ind1="1" ind2=" ">
    <subfield code="a">Ezequiel Alm&#xE1;nzar Hern&#xE1;ndez</subfield>
    <subfield code="e">Sustentante </subfield>
  </datafield>
  <datafield tag="700" ind1="1" ind2=" ">
    <subfield code="a">Franchesca Reinoso Valerio </subfield>
    <subfield code="e">Sustentante </subfield>
  </datafield>
  <datafield tag="700" ind1="1" ind2=" ">
    <subfield code="a">Luis N&#xFA;&#xF1;ez Hern&#xE1;ndez</subfield>
    <subfield code="e">Asesor </subfield>
  </datafield>
  <datafield tag="830" ind1=" " ind2=" ">
    <subfield code="a">Tesis y disertaciones acad&#xE9;micas (Universidad Tecnol&#xF3;gica del Cibao Oriental)</subfield>
  </datafield>
  <datafield tag="856" ind1=" " ind2=" ">
    <subfield code="y">Haga Click Aqu&#xED; para Descargar en Texto Completo</subfield>
  </datafield>
  <datafield tag="942" ind1=" " ind2=" ">
    <subfield code="2">ddc</subfield>
    <subfield code="c">TH</subfield>
  </datafield>
  <datafield tag="999" ind1=" " ind2=" ">
    <subfield code="c">24189</subfield>
    <subfield code="d">24189</subfield>
  </datafield>
  <datafield tag="952" ind1=" " ind2=" ">
    <subfield code="0">0</subfield>
    <subfield code="1">0</subfield>
    <subfield code="2">ddc</subfield>
    <subfield code="4">0</subfield>
    <subfield code="7">0</subfield>
    <subfield code="8">RD-F</subfield>
    <subfield code="a">BU</subfield>
    <subfield code="b">BU</subfield>
    <subfield code="c">GEN</subfield>
    <subfield code="d">2026-05-14</subfield>
    <subfield code="i">24189</subfield>
    <subfield code="l">0</subfield>
    <subfield code="o">ING 2026 P35 </subfield>
    <subfield code="p">24189</subfield>
    <subfield code="r">2026-05-14 13:43:13</subfield>
    <subfield code="t">Ej.1</subfield>
    <subfield code="w">2026-05-14</subfield>
    <subfield code="y">TH</subfield>
  </datafield>
</record>
